| 000 | 00703nam a22001817a 4500 | ||
|---|---|---|---|
| 999 |
_c20434 _d20434 |
||
| 003 | OSt | ||
| 005 | 20240814141911.0 | ||
| 008 | 240814b ||||| |||| 00| 0 eng d | ||
| 040 | _c0 | ||
| 082 | _aDPer 507 J826 September 2019 - June 2020 v.49 n. 1-5 | ||
| 100 |
_aWolfson, Adele J. _eauthor. _957683 |
||
| 245 |
_aA team-taught interdisciplinary first-year seminar with a focus on blood / _cAdele J. Wolfson and Justin Armstrong |
||
| 260 |
_aArlington USA; _bNational Science Teaching Association, _cJanuary/February 2020. |
||
| 300 |
_avolume 49, pages 22-26, _billustration. |
||
| 700 |
_aWolfson, Adele J. _eauthor. _957683 |
||
| 700 |
_aArmstrong, Justin. _eauthor. _957684 |
||
| 942 |
_2ddc _cPER |
||